<?xml version="1.0" encoding="UTF-8"?>
<record
    xmlns:xsi="http://www.w3.org/2001/XMLSchema-instance"
    xsi:schemaLocation="http://www.loc.gov/MARC21/slim http://www.loc.gov/standards/marcxml/schema/MARC21slim.xsd"
    xmlns="http://www.loc.gov/MARC21/slim">

  <leader>00466nam a2200145Ia 4500</leader>
  <controlfield tag="008">090124s9999    xx            000 0 und d</controlfield>
  <datafield tag="082" ind1=" " ind2=" ">
    <subfield code="b">134139</subfield>
    <subfield code="a">104031</subfield>
  </datafield>
  <datafield tag="245" ind1=" " ind2=" ">
    <subfield code="a"> &#x938;&#x902;&#x936;&#x92F; &#x915;&#x93E; &#x92E;&#x928;&#x940; &#x906;&#x932;&#x93E; ?</subfield>
  </datafield>
  <datafield tag="250" ind1=" " ind2=" ">
    <subfield code="a">1</subfield>
  </datafield>
  <datafield tag="260" ind1=" " ind2=" ">
    <subfield code="b">&#x915;&#x941;&#x932;&#x915;&#x930;&#x94D;&#x923;&#x940; &#x91C;&#x94D;&#x91E;&#x93E;&#x928;&#x947;&#x936;&#x94D;&#x930;&#x94D;&#x935;&#x930; &#x92E;.</subfield>
    <subfield code="c">2006</subfield>
  </datafield>
  <datafield tag="300" ind1=" " ind2=" ">
    <subfield code="a">256</subfield>
  </datafield>
  <datafield tag="630" ind1=" " ind2=" ">
    <subfield code="a"> &#x938;&#x902;&#x936;&#x92F; &#x915;&#x93E; &#x92E;&#x928;&#x940; &#x906;&#x932;&#x93E; ?</subfield>
  </datafield>
  <datafield tag="730" ind1=" " ind2=" ">
    <subfield code="a"> &#x938;&#x902;&#x936;&#x92F; &#x915;&#x93E; &#x92E;&#x928;&#x940; &#x906;&#x932;&#x93E; ?</subfield>
  </datafield>
  <datafield tag="942" ind1=" " ind2=" ">
    <subfield code="c">BOOK</subfield>
  </datafield>
  <datafield tag="999" ind1=" " ind2=" ">
    <subfield code="c">181485</subfield>
    <subfield code="d">181485</subfield>
  </datafield>
  <datafield tag="952" ind1=" " ind2=" ">
    <subfield code="0">0</subfield>
    <subfield code="1">0</subfield>
    <subfield code="4">0</subfield>
    <subfield code="7">0</subfield>
    <subfield code="a">THNMGS</subfield>
    <subfield code="b">THNMGS</subfield>
    <subfield code="d">0000-00-00</subfield>
    <subfield code="g">250.00</subfield>
    <subfield code="l">0</subfield>
    <subfield code="o">134139</subfield>
    <subfield code="p">THNMGS-134139</subfield>
    <subfield code="r">2009-01-24 00:00:00</subfield>
    <subfield code="v">250.00</subfield>
    <subfield code="w">2009-01-24</subfield>
    <subfield code="y">BOOK</subfield>
  </datafield>
</record>
